000 00745cab a2200241 4500
001 ABS67602
008 040402n2004 000 0 eng u
035 _a(Sirsi) u125721
245 _aRegional survey: Bristol, Bath and Swindon
260 _c2004
490 _aProperty Week
_v69(12) 19 March 2004, 61-76(8)
590 _aABS
650 _aBRISTOL
650 _aBATH
650 _aSWINDON
650 _aPROPERTY-COMMERCIAL PROPERTY-RETAIL PROPERTY-RETAIL PROPERTY MARKET
650 _aPROPERTY-COMMERCIAL PROPERTY-OFFICE PROPERTY-OFFICE PROPERTY MARKET
650 _aDISTRIBUTION PARKS
650 _aOCCUPIERS
650 _aINDUSTRIAL MARKET
690 _aPROPERTY-COMMERCIAL PROPERTY-COMMERCIAL PROPERTY MARKET
942 _n0
999 _c74347
_d74347